| 000 | 00000nam##2200000za#4500 |
| 001 | 9.603997 |
| 003 | CaOODSP |
| 005 | 20210624211343 |
| 007 | cr ||||||||||| |
| 008 | 150406|1992||||xxc|||||o f|0| 0 fre|d |
| 022 | |a1488-545X |
| 040 | |aCaOODSP|bfre |
| 043 | |an-cn--- |
| 086 | 1 |aFs97-6/1870F-PDF |
| 110 | 1 |aCanada.|bMinistère des pêches et des océans.|bDirection de la gestion de l'habitat du poisson. |
| 245 | 10|aStructure de la communauté ichtyenne interdidale de l'estuaire moyen du Saint-Laurent : |h[ressource électronique]|bcadre de référence pour le suivi à long terme de l'état de l'écosystème de l'estuaire du Saint-Laurent / |cpar M. Gagnon, Y. Ménard et J.-M. Coutu. |
| 260 | |aQuébec - Québec : |bPêches et Océans Canada. |cJuin 1992. |
| 300 | |a60p.|bgraphiques, carte, références, tableaux |
| 490 | 1 |aRapport technique canadien des sciences halieutiques et aquatiques|x1488-545X|vN° 1870 |
| 500 | |aLe n° de catalogue (Fs97-6/1870F) et l'ISSN (0706-6570) de l'édition imprimée ont été incorrectement copiés dans l'édition électronique. |
| 546 | |a(Abstract in English) |
| 590 | |a12-23-Supp|b2012-05-28 |
| 720 | 1 |aGagnon, M. |
| 720 | 1 |aMénard, Y |
| 720 | 1 |aCoutu, J. -M. |
| 776 | 0#|tStructure de la communauté ichtyenne intertidale de l'estuaire moyen du Saint-Laurent: cadre de référence pour le suivi à long terme de l'état de l'écosystème de l'estuaire du Saint-Laurent / |w(CaOODSP)9.621853 |
| 830 | #0|aRapport technique canadien des sciences halieutiques et aquatiques,|x1488-545X|vN° 1870|w(CaOODSP)9.500867 |
| 856 | 40|ahttp://publications.gc.ca|qPDF|s1.46 Mo|uhttps://publications.gc.ca/collections/collection_2012/mpo-dfo/Fs97-6-1870-fra.pdf|yN° 1870 |